Southville International School and Colleges
Your cart is empty.
  • Cart
  • Lists
    Public lists Eva Luna New books Lux_list list_1
    Your lists Log in to create your own lists
  • Log in to your account
  • Your cookies
  • Search history
Southville International School and Colleges
  • Advanced search
  • Recent comments
  • Most popular
  • Libraries

Log in to your account

Log in with GOOGLE


If you do not have an external account, but do have a local account, you can still log in:

  1. Home
  2. MARC view: Island of the aunts /
Normal view MARC view ISBD view

Island of the aunts / (Record no. 33861)

[ view plain ]
MARC details
000 -LEADER
fixed length control field 01464cam a2200397 a 4500
001 - CONTROL NUMBER
control field 12010273
003 - CONTROL NUMBER IDENTIFIER
control field OSt
005 - DATE AND TIME OF LATEST TRANSACTION
control field 20140410100437.0
008 - FIXED-LENGTH DATA ELEMENTS--GENERAL INFORMATION
fixed length control field 000516r20001999nyua c 000 1 eng
010 ## - LIBRARY OF CONGRESS CONTROL NUMBER
LC control number 00041703
020 ## - INTERNATIONAL STANDARD BOOK NUMBER
International Standard Book Number 0439334772
040 ## - CATALOGING SOURCE
Original cataloging agency DLC
Transcribing agency DLC
042 ## - AUTHENTICATION CODE
Authentication code lcac
050 00 - LIBRARY OF CONGRESS CALL NUMBER
Classification number PZ 7
Item number .Ib11555Is 2000
082 00 - DEWEY DECIMAL CLASSIFICATION NUMBER
Classification number [Fic]
100 1# - MAIN ENTRY--PERSONAL NAME
Personal name Ibbotson, Eva.
9 (RLIN) 6289
240 10 - UNIFORM TITLE
Uniform title <a href="Monster mission">Monster mission</a>
245 10 - TITLE STATEMENT
Title Island of the aunts /
Statement of responsibility, etc Eva Ibbotson ; illustrated by Kevin Hawkes.
250 ## - EDITION STATEMENT
Edition statement 1st American ed.
260 ## - PUBLICATION, DISTRIBUTION, ETC. (IMPRINT)
Place of publication, distribution, etc New York :
Name of publisher, distributor, etc scholastics
Date of publication, distribution, etc 2000.
300 ## - PHYSICAL DESCRIPTION
Extent 281 p. :
Other physical details ill. ;
Dimensions 22 cm.
520 ## - SUMMARY, ETC.
Summary, etc As they get older, three sisters decide that they must kidnap children and bring them to their secluded island home to help with the work of caring for an assortment of unusual sea creatures.
521 ## - TARGET AUDIENCE NOTE
Target audience note
526 ## - STUDY PROGRAM INFORMATION NOTE
Reading level 890
562 ## - COPY AND VERSION IDENTIFICATION NOTE
Number of copies for circulation. 1 copy available in the collection
650 #1 - SUBJECT ADDED ENTRY--TOPICAL TERM
Topical term or geographic name as entry element Animals, Mythical
Form subdivision Fiction.
9 (RLIN) 24747
650 #1 - SUBJECT ADDED ENTRY--TOPICAL TERM
Topical term or geographic name as entry element Marine animals
Form subdivision Fiction.
9 (RLIN) 24748
650 #1 - SUBJECT ADDED ENTRY--TOPICAL TERM
Topical term or geographic name as entry element Islands
Form subdivision Fiction.
9 (RLIN) 24749
650 #1 - SUBJECT ADDED ENTRY--TOPICAL TERM
Topical term or geographic name as entry element Kidnapping
Form subdivision Fiction.
9 (RLIN) 24750
650 #1 - SUBJECT ADDED ENTRY--TOPICAL TERM
Topical term or geographic name as entry element Aunts
Form subdivision Fiction.
9 (RLIN) 24751
700 1# - ADDED ENTRY--PERSONAL NAME
Personal name Hawkes, Kevin,
Relator term ill.
9 (RLIN) 24752
906 ## - LOCAL DATA ELEMENT F, LDF (RLIN)
a 7
b cbc
c orignew
d 1
e ocip
f 20
g y-gencatlg
942 ## - ADDED ENTRY ELEMENTS (KOHA)
Source of classification or shelving scheme Library of Congress Classification
Koha item type Books
Holdings
Withdrawn status Lost status Source of classification or shelving scheme Damaged status Home library Current library Shelving location Date acquired Total Checkouts Full call number Barcode Date last seen Copy number Price effective from Koha item type
    Library of Congress Classification   Luxembourg Library Luxembourg Library Scholastic Reading Center Section 10/07/2013   PZ 7 .Ib11555Is 2001 LEX0216 04/18/2017 1 10/07/2013 Books

Island of the aunts /

APA

Ibbotson E., Hawkes K., . (2000). Island of the aunts. New York: scholastics.

Chicago

Ibbotson Eva, Hawkes Kevin, . 2000. Island of the aunts. New York: scholastics.

Harvard

Ibbotson E., Hawkes K., . (2000). Island of the aunts. New York: scholastics.

MLA

Ibbotson Eva, Hawkes Kevin, . Island of the aunts. New York: scholastics. 2000.

  • Place hold
  • Print
  • Cite
  • Add to your cart (remove)
  • Save record
    BIBTEX Dublin Core MARCXML MARC (non-Unicode/MARC-8) MARC (Unicode/UTF-8) MARC (Unicode/UTF-8, Standard) MODS (XML) RIS
  • More searches
    Search for this title in:
    Other Libraries (WorldCat) Other Databases (Google Scholar) Online Stores (Bookfinder.com) Open Library (openlibrary.org)

Exporting to Dublin Core...

SOUTHVILLE LIBRARY

Southville International School and Colleges Library

1281 Tropical Ave. Cor. Luxembourg St., BF Homes International, Las Pinas City

Tel. No. 8256374 / 252358 Loc. 117/146

Powered by Koha